000 00766nam a2200229 i 4500
001 85059
003 ES-MaACL
005 20240527131706.0
007 t|
008 041125s1981 sp ||||1| spa d
100 1 _aJiménez, Juan Ramón,
_d1881-1958
_966417
245 1 0 _aJuan Ramón Jiménez /
_cJuan Ramón Jiménez ; edición de Aurora de Albornoz.
260 _a[Madrid] :
_bTaurus,
_c[1981]
300 _a366 p. ;
_c21 cm.
490 1 _aPersiles. El escritor y la crítica ;
_v127
700 0 _aAlbornoz, Aurora de,
_d1926-1990
_919411
830 0 _aPersiles.
_pSerie El escritor y la crítica ;
_v127
_9187530
852 _aES-MaACL
_jL-1331
_bR.102093
852 _aES-MaACL
_jL-1658
_bR.102121
942 _2udc
999 _c85059
_d85059